000 00567nam a2200217Ia 4500
003 0100
008 130227s9999 xx 000 0 und d
040 _cARRUPELIB
050 _aBT590.J8S26 1985
100 _aSpanders, E.P.
245 _aJesus and judaism
260 _aPhiladelphia
260 _bFortress Press
260 _C1985
300 _axiv
300 _b 444p. 22cm.
650 _bCatholic church--History--16th century
650 _cCatholic church--History--17th century
650 _dCatholic church--History--18th century
942 _2lcc
_01
999 _c4683
_d4683